Drawing on the pools of knowledge. (Record no. 60575)
[ view plain ]
| 000 -LEADER | |
|---|---|
| fixed length control field | 00736cam a2200193 4500 |
| 001 - CONTROL NUMBER | |
| control field | ABS60906 |
| 008 - FIXED-LENGTH DATA ELEMENTS--GENERAL INFORMATION | |
| fixed length control field | 000000n1999 000 0 eng u |
| 035 ## - SYSTEM CONTROL NUMBER | |
| System control number | (Sirsi) u101435 |
| 100 ## - MAIN ENTRY--PERSONAL NAME | |
| Personal name | Watson, K. |
| 245 ## - TITLE STATEMENT | |
| Title | Drawing on the pools of knowledge. |
| 260 ## - PUBLICATION, DISTRIBUTION, ETC. | |
| Date of publication, distribution, etc. | 1999 |
| 490 ## - SERIES STATEMENT | |
| Series statement | Contract Journal |
| Volume/sequential designation | 399(6235) 21 July 1999, 16-17(2) |
| 520 ## - SUMMARY, ETC. | |
| Summary, etc. | Reports on the progress of two pilot schemes trialling the concept of supply chain management and prime contracting. The projects, run by Amec and Laing, concern the construction of two army swimming pools. |
| 650 ## - SUBJECT ADDED ENTRY--TOPICAL TERM | |
| Topical term or geographic name entry element | SWIMMING POOLS |
| 650 ## - SUBJECT ADDED ENTRY--TOPICAL TERM | |
| Topical term or geographic name entry element | SUPPLY CHAIN MANAGEMENT |
| 650 ## - SUBJECT ADDED ENTRY--TOPICAL TERM | |
| Topical term or geographic name entry element | MANAGEMENT-PROJECT MANAGEMENT |
| 690 ## - LOCAL SUBJECT ADDED ENTRY--TOPICAL TERM (OCLC, RLIN) | |
| Topical term or geographic name as entry element | BUILDING AND CONSTRUCTION-PROJECTS |
| 942 ## - ADDED ENTRY ELEMENTS (KOHA) | |
| Suppress in OPAC | 0 |
| Withdrawn status | Lost status | Source of classification or shelving scheme | Damaged status | Not for loan | Home library | Current library | Shelving location | Date acquired | Total Checkouts | Full call number | Barcode | Date last seen | Copy number | Price effective from | Koha item type |
|---|---|---|---|---|---|---|---|---|---|---|---|---|---|---|---|
| Dewey Decimal Classification | London | London | Journal article | 04/11/1999 | ABS60906 | 101435-1001 | 06/08/2019 | 1 | 06/08/2019 | Journal article |